| 000 | 01063nam a2200277 4500 | ||
|---|---|---|---|
| 001 | 178749 | ||
| 003 | ES-MaACL | ||
| 005 | 20240129115325.0 | ||
| 008 | 110614s2009 sp |||| |dspa d | ||
| 020 | _a978-84-9895-033-5 | ||
| 080 | _a821.134.2-14"19" | ||
| 100 | 1 |
_aJiménez, Juan Ramón, _d1881-1958 _966417 |
|
| 245 | 1 | 0 |
_aBaladas para después _b: (1901-1913) / _cJuan Ramón Jiménez ; texto preparado por Fernando García Lara ; prólogo de Lauren Mendinueta. |
| 246 | 3 | 4 |
_aPoemas en prosa. _nI |
| 260 |
_aMadrid : _bVisor Libros ; _aHuelva : _bDiputación de Huelva, _c[2009] |
||
| 300 |
_a265 p. ; _c20 cm. |
||
| 490 | 1 |
_aObras de Juan Ramón Jiménez ; _v27 |
|
| 700 | 1 |
_aGarcía Lara, Fernando. _9147205 |
|
| 700 | 1 |
_aMendinueta, Lauren. _9147206 |
|
| 710 | 1 |
_aHuelva (Provincia). _bDiputación Provincial. _94624 |
|
| 830 | 0 |
_aObras de Juan Ramón Jiménez _v27 _9191022 |
|
| 852 |
_aES-MaACL _jA-11275 _9185609 _bR.145605 _cDEPO1 _dOlim: N-4279 |
||
| 942 |
_2udc _cMONOGRAFIA |
||
| 999 |
_c178749 _d178749 |
||